| 000 | 00458cam a2200181ua 4500 | ||
|---|---|---|---|
| 001 | 2960 | ||
| 008 | 120214n ii |||gr||||Z||||||asm | ||
| 040 | _cMAIN | ||
| 082 | _a891.451 | ||
| 100 |
_aSharma, Hemanta Kumar, _eAuthor. |
||
| 245 | 1 | 1 |
_aSahitya bichitra _cby Hemanta kumar Sharma |
| 250 | _a1st. | ||
| 260 |
_aGuahati: _bAssam book Depot,985. |
||
| 300 |
_a113p: _c23cm. |
||
| 653 | _aAssamese literature | ||
| 653 | _aSahitya bichitra | ||
| 942 | _cBK | ||
| 999 |
_c2808 _d2808 |
||